[Event "Petrov Memorial op"]
[Site "St Petersburg"]
[Date "2000.02.07"]
[Round "1"]
[White "Rashkovsky, Nukhim N"]
[Black "Eliseev, Alexey"]
[Result "1/2-1/2"]
[WhiteElo "2523"]
[BlackElo "2325"]
[Annotator "Engqvist"]
[PlyCount "226"]
[EventDate "2000.02.05"]
[EventType "swiss"]
[EventRounds "9"]
[EventCountry "RUS"]
[SourceTitle "CBM 076"]
[Source "ChessBase"]
[SourceDate "2000.05.31"]
[SourceVersion "1"]
[SourceVersionDate "2000.05.31"]
[SourceQuality "1"]

1. d4 e6 2. Nf3 Nf6 3. c4 Bb4+ 4. Bd2 Qe7 5. g3 O-O 6. Bg2 Bxd2+ 7. Qxd2 d6 8.
O-O e5 9. Nc3 Re8 10. e4 Bg4 11. Nh4 $5 {This Chigorin-inspired move was first
played in the game Budo-Botvinnik, 1931 in the Russian championship.} (11. Ne1
$142 $14) (11. d5 $142 Bxf3 12. Bxf3 c5 $14) 11... Nc6 (11... exd4 12. Qxd4 c5
(12... Nc6 13. Qd2 $14) 13. Qd2 Nc6 14. h3 Be6 15. Nd5 (15. b3 $14) 15... Bxd5
16. Nf5 Qd8 17. cxd5 Ne7 18. Nxe7+ Rxe7 $11 {Budo-Botvinnik, URS-ch Moscow 1931
}) 12. d5 ({It is logical to keep the tension in the centre for a while with} 
12. h3 {for instance} Bd7 13. Nf3 (13. Nb5 Rec8 14. d5 Nd8 15. Nc3 Ne8 16. Rae1
g6 17. f4 f6 18. Nf3 Nf7 19. Kh2 {1/2 Farago-Hernandez, Rome 1986}) 13... a6
14. Rfe1 Qd8 15. b3 Qc8 16. Kh2 h6 17. Rac1 $14 {Van Wely-Kurajica, Las Palmas
op 1993}) 12... Nd4 13. f4 $146 (13. Nb5 Nxb5 (13... Be2 $2 14. Nxd4 Bxf1 15.
Ndf5) (13... Ne2+ $2 14. Kh1 a6 15. f3 axb5 16. fxg4 Nd4 17. g5 {Wahls}) 14.
cxb5 Bd7 (14... a6 15. bxa6 Rxa6 16. a4 $1 c5 $1 17. dxc6 Rxc6 (17... bxc6 18.
Rfc1 (18. b4 $5 {is a suggestion by Gipslis. The dreamvariation for white is}
Rea8 19. a5 c5 $4 20. b5 $18) 18... c5 $1 19. b4 Rea8 20. bxc5 dxc5 21. Qc2 Qa7
$1 $11 {Vi.Ivanov-Gipslis, Riga 1993 - 59/(533)}) 18. Rfc1 Rec8 19. b4 $14 {
Razuvaev-Huss, Wien 1984}) 15. a4 g6 $1 {[%cal Gg6f5] This is the critical
variation for the whole system with 11.Nh4 and explains why Rashkovsky tries
to improve earlier in the game.} (15... c6 $2 16. dxc6 bxc6 17. Nf5 $1 Bxf5 18.
exf5 $16 {Jusupov}) (15... a6 16. bxa6 Rxa6 17. a5 (17. Rfc1 $5 $14 {[%cal
Gc1c8] is a suggestion by Jusupov which avoids counterplay on the c-file. After
} c6 18. dxc6 Rxc6 {white is ready to exchange one pair of rooks with} 19. Rxc6
) 17... c6 18. dxc6 Rxc6 $1 $132 {[%cal Gc6c1] Jusupov- R.Hernandez,
Thessaloniki (ol) 1984 - 38/648}) 16. Rfc1 Rec8 17. Ra3 c6 $1 18. bxc6 bxc6 19.
dxc6 Rxc6 20. Rxc6 (20. b4 Rxc1+ 21. Qxc1 Rc8 22. Qd2 Rc4 {Wahls}) 20... Bxc6
21. a5 (21. b4 $2 Nxe4 22. Qc2 Qb7 {Wahls}) 21... Rb8 (21... Nxe4 22. Qc2 Qb7
23. a6) (21... Bxe4 $2 22. Bxe4 Nxe4 23. Qd5 {Wahls}) 22. Re3 Kg7 23. b4 h6 24.
Re2 Qe6 {1/2 Z.Polgar-Ivkov, Veterans-Women Monte Carlo 1994. Black should of
course continue the game. The knight on h4 is badly placed and black has
pressure on the pawns on e4 and b4.}) 13... Bd7 14. fxe5 {Another and probably
better idea is to play flexible and keep the option to move f4-f5.} dxe5 $11
15. h3 b6 16. Kh2 Rad8 17. Rf2 Rf8 18. Re1 g6 {[%cal Gg6f5] A typical move in
this variation which makes Nh4 looks silly.} 19. b4 Ne8 20. a3 a5 21. Ne2 Nxe2
22. Rfxe2 axb4 23. axb4 c5 24. Nf3 Nd6 25. bxc5 bxc5 26. Qc3 f6 $15 27. Rb2 Ra8
28. Nd2 Ra4 29. Reb1 Kg7 30. Rb8 Rxb8 31. Rxb8 Ra2 32. Rb2 Rxb2 33. Qxb2 Qd8
34. Qa3 Qb6 35. Bf1 Kf7 36. Bd3 Ke7 37. h4 Nb7 38. Kg2 Qb4 39. Qc1 (39. Qxb4 $2
cxb4 40. Nb3 Kd6 {and black invades the black squares.}) 39... Nd6 40. Kf2 Kd8
41. Ke3 Nb7 42. Qb1 Qxb1 43. Bxb1 Kc7 44. Bc2 Kb6 45. Kd3 Ka5 46. Kc3 Nd6 47.
Bd1 h5 48. Nb3+ Kb6 49. Nd2 Kc7 50. Kd3 Bh3 51. Bf3 Kb6 52. Kc3 Ka6 53. Nb3 Nb7
54. Nd2 Ka5 55. Nb3+ Kb6 56. Nd2 Nd6 57. Kd3 Kc7 58. Kc3 Kd8 59. Kd3 Ke7 60.
Ke3 Kf7 61. Bd1 Bd7 62. Kd3 Kg7 63. Kc3 Kh6 64. Be2 Kg7 65. Kd3 Kf7 66. Kc3 Ke7
67. Kd3 Nf7 68. Nb3 Kd6 69. Na5 Kc7 70. Nb3 Kb6 71. Nd2 Nh6 72. Kc3 Ba4 73. Nf1
Kc7 74. Ne3 Bd7 75. Nf1 Kd6 76. Nd2 Be8 77. Kd3 Ba4 78. Kc3 Bd7 79. Kd3 Be8 80.
Kc3 f5 81. Nf3 Bd7 82. Kd2 Nf7 83. Ke3 Ke7 84. exf5 Bxf5 85. Nd2 Nd6 86. Nb3
Nb7 87. Bd3 Kf6 88. Be4 Bxe4 89. Kxe4 Nd6+ 90. Kf3 Kf5 91. Nxc5 e4+ 92. Ke3
Nxc4+ 93. Kd4 Nd6 94. Nd7 Kg4 95. Ne5+ Kxg3 96. Nxg6 $11 Kf3 97. Ne5+ Kf4 98.
Ng6+ Kf5 99. Ne7+ Kg4 100. Ng6 Kf3 101. Ne5+ Kf4 102. Ng6+ Kg3 103. Ke3 Kg4
104. Kd4 Kf3 105. Ne5+ Kg3 106. Ng6 Kf3 107. Ne5+ Kf2 108. Kc5 Ne8 109. d6 Nf6
110. d7 Nxd7+ 111. Nxd7 e3 112. Ne5 e2 113. Nd3+ Kg3 1/2-1/2

[Event "YUG-ch 55th"]
[Site "Subotica"]
[Date "2000.03.17"]
[Round "2"]
[White "Ilincic, Zlatko"]
[Black "Drasko, Milan"]
[Result "1/2-1/2"]
[WhiteElo "2554"]
[BlackElo "2520"]
[Annotator "Engqvist"]
[PlyCount "83"]
[EventDate "2000.03.16"]
[EventType "tourn"]
[EventRounds "15"]
[EventCountry "YUG"]
[EventCategory "10"]
[SourceTitle "CBM 076"]
[Source "ChessBase"]
[SourceDate "2000.05.31"]
[SourceVersion "1"]
[SourceVersionDate "2000.05.31"]
[SourceQuality "1"]

1. d4 e6 2. c4 Nf6 3. Nf3 Bb4+ 4. Bd2 c5 {Vitolinsh} 5. Bxb4 cxb4 6. Qd3 {
Ilincic claims this is the best move. I cannot believe such an unnatural move
is stronger than the main line. It is interesting to note that placing the
queen on d3 early in the opening is also popular in the Queens Indian Defence
after the moves 4.a3 Bb7 5.Nc3 g6 6.Qd3. The chess of today is more concrete
and when chessplayers cannot find an advantage after normal classical moves
they tend to study moves which sometimes look a bit bizarre.} (6. g3 $144) 6...
d6 (6... d5 $143 7. Nbd2 O-O 8. e4 (8. e3 b6 9. Be2 Bb7 10. O-O $14 {Ilincic})
8... dxe4 9. Nxe4 Nc6 10. Be2 b6 11. O-O Bb7 12. Rad1 Qe7 13. Ng3 Rfd8 14. Qe3
$14 {Damljanovic-Ribeiro, Magistral Algarve Vila Real de Santo Antonio 1998})
7. e4 O-O (7... Nc6 8. d5 Ne5 (8... Nb8 9. dxe6 Bxe6 10. Nbd2 Nc6 11. Be2 O-O
12. O-O $14 {Ilincic}) 9. Nxe5 dxe5 10. Nd2 O-O 11. Be2 Qd6 12. O-O Nd7 13.
Rfd1 $14 {Krizsany-Vincze, Hun-chT9899}) (7... Nbd7 8. Nbd2 e5 9. Be2 O-O 10.
O-O exd4 11. Qxd4 $14 {Ilincic}) 8. Nbd2 Nfd7 (8... a5 9. e5 dxe5 10. Nxe5 $14
{Ilincic-Drasko, Pale 1997 - 71/529}) 9. Be2 e5 10. Nf1 $1 (10. O-O exd4 (10...
Nc6 11. Rfd1 Qb6 12. Nf1 Re8 13. Ng3 $14) 11. Qxd4 Nc5 12. Rfe1 Nc6 13. Qe3 Re8
14. Bf1 Bf5 $1 15. Qf4 Bg6 $11 {Ilincic}) 10... Nc6 (10... exd4 11. Nxd4 Nc5
12. Qc2 Nc6 13. Nxc6 bxc6 14. Ng3 Re8 (14... Qh4 15. O-O Be6 16. Rad1 Rfd8 17.
Rd4 $14) 15. O-O Qh4 16. Rad1 Rd8 17. Rd4 Be6 (17... Ne6 18. Rd2 c5 19. Nf5 Qg5
20. Bf3 g6 21. e5 $1 Rb8 22. Nxd6 Nd4 23. Rxd4 cxd4 24. Bd5 $14) 18. Rfd1 Qe7
19. f4 $14 {Ilincic}) 11. Ng3 Nf6 $1 $146 {Black puts strong pressure on the
centre immediately. If black can force white to block the centre he has no
problems.} (11... Re8 $143 12. Rd1 Qa5 13. O-O $14 {Ilincic-Drasko, Doboj 1999
- 76/464}) 12. d5 (12. O-O Bg4 {[%csl Rd4]}) 12... Ne7 13. c5 Ng6 {[%cal Rg6f4]
} 14. Qc4 Qa5 15. cxd6 Ne8 16. O-O Nxd6 $11 {[%cal Rd6c4] It is interesting to
notice how black's knights harass white's queen and 6.Qd3 doesn't look very
convincing in the long run.} 17. Qb3 Bd7 18. Rfc1 Rfc8 19. Nd2 Rc5 20. Rxc5
Qxc5 21. Qe3 {The opening has failed and white is happy with a draw.} Qxe3 22.
fxe3 Rc8 {[%cal Gc8c1]} 23. Bd3 Bb5 24. Bxb5 Nxb5 25. Nf5 Kf8 (25... Rc2 26.
Rd1 {[%cal Rd5d6]}) 26. a4 $1 bxa3 27. bxa3 Ne7 28. a4 Nxf5 29. axb5 Nd6 30.
Rxa7 Rc5 31. Kf2 Rxb5 32. Ke2 h5 33. h3 Rc5 34. g4 hxg4 35. hxg4 Rc3 36. g5 Ke8
37. Ra8+ Ke7 38. Ra7 Ke8 39. Ra8+ Ke7 40. Ra7 Kd8 41. Ra8+ Ke7 42. Ra7 1/2-1/2

[Event "Solin 7th"]
[Site "Solin"]
[Date "1999.12.17"]
[Round "8"]
[White "Tukmakov, Vladimir B"]
[Black "Kurajica, Bojan"]
[Result "1-0"]
[WhiteElo "2557"]
[BlackElo "2541"]
[Annotator "Engqvist"]
[PlyCount "93"]
[EventDate "1999.12.10"]
[EventType "tourn"]
[EventRounds "9"]
[EventCountry "CRO"]
[EventCategory "13"]
[SourceTitle "CBM 075"]
[Source "ChessBase"]
[SourceDate "2000.04.05"]
[SourceVersion "1"]
[SourceVersionDate "2000.04.05"]
[SourceQuality "1"]

1. d4 Nf6 2. c4 e6 3. g3 Bb4+ 4. Bd2 Qe7 5. Bg2 O-O 6. Nf3 Bxd2+ 7. Qxd2 d6 8.
Nc3 e5 9. O-O Re8 10. e4 Bg4 11. Ne1 (11. d5 Bxf3 12. Bxf3 c5 {This position
is not to everyone´s taste and explain why some people prefer 11.Ne1.} 13. Rae1
(13. a3 $144 Nbd7 14. Bg2 a6 15. Qe2 Rab8 16. Rfc1 g6 17. b4 Kg7 18. h4 Qd8 19.
Bh3 $14 {Beljavskij-Balasov, Vilnius 1978}) (13. h4 $144 $14 {or 13.Bg2}) (13.
Be2 $143 Nbd7 14. Bd3 {According to Kmoch in his classical and original Pawn
power in chess this is the right square for the bishop because of the central
pawnstructure. White prevents two important breaks, b7-b5 and f7-f5. However,
under these particular circumstances the preventive idea is only enough for an
equal game. The bishop belongs on h3 (after h2-h4 or without h2-h4) if white
wishes to exploit his superiority in space and create a long-term initative.}
g6 15. Rae1 Nh5 16. a3 a6 17. Kh1 Rf8 18. Qh6 Ng7 19. g4 $11 {Engqvist-Inkiov,
Gausdal International 1990}) 13... a6 14. b3 Nbd7 15. Bg2 Rab8 16. a4 Qd8 17.
Qd1 Re7 18. Re3 Qa5 19. Rfe1 Kh8 20. Bh3 $14 {Karpov-P.Nikolic, Skellefteå 1989
}) 11... exd4 (11... Nc6 12. f4 $1 {The tactical point with 11.Ne1.} exd4 (
12... Nxd4 13. f5 {xBg4}) 13. Nd5 Nxd5 14. cxd5 Nd8 15. Qxd4 $16 {
Nogueiras-Pinal, Havanna 1985}) 12. Qxd4 Nc6 13. Qd2 {White is a little better
in this half-closed position because the strong positional motive Nd5 is
always in the air.} a5 14. f3 {N} (14. Rc1 Qd8 15. b3 a4 16. f3 $14 {
Manor-Adams, Adelaide 1988}) 14... Be6 15. Nd5 Qd8 16. Nc2 Ne5 17. Nce3 $14 {
Tukmakov is right in deploying the knights before the rooks.} Bxd5 18. cxd5 {
xc7} Ned7 19. Nf5 g6 20. Nd4 Nc5 21. Rac1 Nfd7 22. Rc3 Nb6 23. Bh3 $5 (23. Rfc1
) 23... Qf6 24. Rfc1 Qe5 25. g4 $3 {This "beginner´s move" which prevents
f7-f5 snd makes Bh3 looks silly is very instructive. The white-squared bishop
will do his share of work on the diagonals f1-a6 and a4-e8 instead.} h6 26. b3
{In the traditional manner white slowly prepares b3-b4.} Qg5 27. Qxg5 hxg5 28.
a3 {The blacksquare control is not enough compensation for the strong pressure
on the c-file.} Nbd7 29. Bf1 Ne5 30. Kg2 c6 31. Kg3 cxd5 32. exd5 {Black has
solved the problem with the weak c7-pawn but still has another problem to
solve, the weak c7-square.} Rf8 33. h4 $1 {All the nuances in the position are
important. The b3-b4 possibility will not run away.} gxh4+ 34. Kxh4 Kg7 35. Kg3
Rad8 36. Bb5 Rh8 37. b4 $18 axb4 38. axb4 Na6 (38... Ncd7 39. f4 $18) 39. Bxa6
bxa6 40. f4 Nd7 41. Rc7 Rh7 (41... Nf8 42. Ne6+ Nxe6 43. dxe6 Rdf8 44. R1c6 $18
) 42. Nc6 Rdh8 43. Rxd7 Rh2 44. Kf3 R8h3+ 45. Ke4 Re2+ 46. Kd4 Rf2 47. Rxd6 {
An excellent technical performance by Tukmakov.} 1-0

[Event "Terres Catalanes"]
[Site "Manresa"]
[Date "1996.??.??"]
[Round "9"]
[White "Cifuentes Parada, Roberto"]
[Black "Vehi Bach, Victor Manuel"]
[Result "1-0"]
[WhiteElo "2500"]
[BlackElo "2365"]
[Annotator "Ernst,T"]
[PlyCount "95"]
[EventDate "1996.09.??"]
[EventType "tourn"]
[EventRounds "9"]
[EventCountry "ESP"]
[EventCategory "9"]
[SourceTitle "CBM 056"]
[Source "ChessBase"]
[SourceDate "1997.02.01"]
[SourceVersion "1"]
[SourceVersionDate "1997.02.01"]
[SourceQuality "1"]

1. d4 Nf6 2. c4 e6 3. g3 Bb4+ 4. Bd2 Qe7 5. Bg2 Nc6 6. Nf3 Bxd2+ 7. Nbxd2 (7.
Qxd2 $2 Ne4 8. Qc2 Qb4+ 9. Nc3 Nxc3 10. Qxc3 Qxc3+ 11. bxc3 d6 $15) 7... d6 8.
O-O (8. e4 $5 e5 9. d5 Nb8 10. b4) 8... a5 (8... O-O 9. e4 a5 (9... e5 10. d5
Nb8 11. Nh4 {/\f4}) 10. d5 (10. e5 dxe5 11. dxe5 Nd7 12. Qe2 Nc5 13. Ne4 Bd7
$10) 10... Ne5 (10... Nb8 11. dxe6 Bxe6 12. Nd4 Nbd7 13. Re1 Nc5 14. Qc2 c6 15.
Nf1 $14 {Haik-Sharif Cannes 1987}) 11. Nxe5 dxe5 12. Qc2 $14 {Hort-Seirawan
Lugano 1989}) 9. e4 e5 10. d5 Nb8 11. Ne1 O-O 12. Nd3 Na6 13. a3 (13. f4) 13...
Bg4 (13... Nc5 $5 14. Nxc5 dxc5 15. f4 $14) (13... c6 $5 {- Garcia
Palermo-Adams Oakham 1988}) 14. f3 Bd7 15. b4 c6 (15... axb4 16. axb4 c6 17.
dxc6 bxc6 18. Qc2 $14 {0-1 Seirawan,Y-Jussupow,A/Belgrade 1991 (34)} (18. Qb3
$5 $14 {Jussupow,A-Petrosian,T URS-ch 1983})) 16. dxc6 (16. bxa5 $14 cxd5 17.
cxd5 Bb5 18. Qb3 Bxd3 19. Qxd3 Nc5 20. Qc3 Nfd7 21. Bh3 g6 22. Bxd7 Qxd7 23.
Nc4 {1-0 Jussupow,A-Winants,L/Brussels SWIFT rapid 1992 (38)}) 16... bxc6 17.
Qb3 (17. Qc2 $14 {0-1 Seirawan,Y-Jussupow,A/Belgrade 1991 (34)}) 17... axb4 18.
axb4 Nc7 (18... Be6 19. Qc3 Qa7+ 20. Kh1 Nd7 21. f4 Bg4 22. Rfe1 exf4 23. gxf4
Qb6 24. f5 g5 25. c5 dxc5 26. Nf2 cxb4 27. Qg3 {1/2-1/2 Jussupow,A-Petrosian,T/
URS-ch50 Moscow 1983 (41)}) 19. Qc3 Rfb8 20. Nb3 Qd8 21. Rfd1 Rxa1 22. Rxa1 Ra8
23. Rd1 Qb8 24. c5 Nb5 25. Qb2 Be6 26. cxd6 Bxb3 27. Qxb3 Qxd6 28. Qc4 h5 29.
Qc5 Rd8 30. Qxd6 Rxd6 31. Bf1 g5 32. Rc1 Nd7 33. Kf2 Kg7 34. Ke3 Nd4 35. Bh3 f6
36. Bxd7 Rxd7 37. f4 gxf4+ (37... exf4+ 38. gxf4 g4 39. e5 (39. f5 Rd6 40. Nf4
Kh6) (39. Nc5 Rd6 40. e5 fxe5 41. fxe5 Rd5 $11)) 38. gxf4 $16 exf4+ 39. Nxf4
Rd6 40. Nxh5+ Kf7 41. Ng3 Ke6 42. Rc4 Ke5 43. Rc5+ Ke6 44. h4 Kf7 45. Rc1 Ke7
46. h5 Rd8 47. h6 Ne6 48. Rf1 1-0